000 00191 a2200097 4500
001 29816
100 _aBorron
245 _aList Processing
260 _a
_bChapman
_c
090 _c19832
_d19832
942 _aNUST-CAE
_cM
_c10927
999 _c264889
_d264889